Don Fernando Pimentel (Record no. 81464)

MARC details
000 -LEADER
campo de control de longitud fija 00491nam a2200145 i 4500
001 - NÚMERO DE CONTROL
campo de control 81464
003 - IDENTIFICADOR DE NÚMERO DE CONTROL
campo de control ES-MaACL
005 - FECHA Y HORA DE LA ÚLTIMA TRANSACCIÓN
campo de control 20230906174436.0
007 - CAMPO FIJO DE DESCRIPCIÓN FÍSICA--INFORMACIÓN GENERAL
campo de control de longitud fija t|
008 - DATOS DE LONGITUD FIJA--INFORMACIÓN GENERAL
campo de control de longitud fija 041104s1918 sp ||||1| spa d
100 1# - ENTRADA PRINCIPAL--NOMBRE DE PERSONA
Nombre de persona Huarte y Echenique, Amalio.
9 (RLIN) 64475
245 10 - MENCIÓN DEL TÍTULO
Título Don Fernando Pimentel
Resto del título : maestrescuela de la Iglesia de Salamanca /
Mención de responsabilidad, etc. Amalio Huarte y Echenique.
260 ## - PUBLICACIÓN, DISTRIBUCIÓN, ETC.
Lugar de publicación, distribución, etc. Madrid :
Nombre del editor, distribuidor, etc. [s.n.,
Fecha de publicación, distribución, etc. 1918] (
Fabricante Tip. de la Revista de Archivos, Bibliotecas y Museos)
852 ## - LOCALIZACIÓN
Ubicación ES-MaACL
Número de control de estantería 1557-F-18
Holdings
Estatus retirado Estado de pérdida Estado de daño No para préstamo Colección Biblioteca de origen Biblioteca actual Ubicación en estantería Fecha de adquisición Fuente de adquisición Total de préstamos Signatura topográfica completa Código de barras Visto por última vez Precio de reemplazo Tipo de ítem Koha
        Colección de folletos Biblioteca del Ateneo de Madrid Biblioteca del Ateneo de Madrid Depósito folletos 17/01/2008     1557-F-18 1085156 23/02/2023 23/02/2023 Folleto